| 000 | 00668nam a2200181 a 4500 | ||
|---|---|---|---|
| 003 | 0 | ||
| 005 | 20250509101953.0 | ||
| 008 | 970101s19uu xx 00 eng d | ||
| 050 |
_aPHS RJ 506.S57 _b.T36 2004 |
||
| 100 | _aTamayo, Janelle Joy S. L. | ||
| 245 |
_aA Study on the awareness of fourth year high school students on insomnia / _cJanelle Joy S.L. Tamayo. |
||
| 260 |
_aLas PiƱas City, Philippines : _bSouthville International School and Colleges, _c2004. |
||
| 300 |
_a33 pages : _billustrations ; _c28 cm. |
||
| 504 | _aIncludes bibliographical references. | ||
| 650 |
_aInsomnia _xStudents. |
||
| 650 | _aSleep disorders in adolescence. | ||
| 942 |
_2lcc _cPASS |
||
| 999 |
_c97160 _d97160 |
||